000 00569nam a2200169Ia 4500
005 20260601193252.0
008 260601s9999||||xx |||||||||||||| ||und||
020 _a978-3-031-66021-4
_qebk
100 _aAlessandro Aldini
245 0 _aSoftware Engineering and Formal Methods. SEFM 2023 Collocated Workshops
250 _a2024
260 _aHeidelberg, Germany
_bSpringer Nature
_c2024
440 _aLecture Notes in Computer Science
650 _aComputer Science
856 _uhttps://link.springer.com/openurl?genre=book&isbn=978-3-031-66021-4
942 _cEB
_2ddc
999 _c56751
_d56751